| 000 | 03499nam0a2200433 4500 | ||
|---|---|---|---|
| 001 | RU\NLR\BIBL_A\011430006 | ||
| 005 | 20250626064044.0 | ||
| 020 |
_aRU _b6559 _9Сводный каталог листовок первых лет Советской власти (25 октября (7 ноября) 1917 - 1925) Т.4 (Ч.1). Листовки советских, партийных, профсоюзных, комсомольских и других организаций губерний РСФСР |
||
| 035 | _a(NLR Aleph) 011430006 | ||
| 090 |
_a11648291 _c11648291 |
||
| 100 | _a20170703d1918 |||y0rusy50 ca | ||
| 101 | 0 | _arus | |
| 102 | _aRU | ||
| 105 | _ay z 000zy | ||
| 135 | _acrgn 008apada | ||
| 200 | 1 |
_aПриказ Владимирского военного комиссариата № 13, 20-го апр. 1918 г.: [О подчинении войсковых частей, учреждений и управлений военного ведомства местным военным комиссариатам _eлистовка] |
|
| 210 |
_a[Владимир _cб. и. _d1918, апр.] |
||
| 215 |
_a1 с. _d19х15 |
||
| 300 | _aПодписи: Владимирский губернский комиссариат по военным делам Лешко, Завадский; заведующий делами комиссариата Смирнов и др. | ||
| 325 | 1 | _aКопия доступна в Электронной библиотеке РНБ | |
| 517 | 1 | _aО подчинении войсковых частей, учреждений и управлений военного ведомства местным военным комиссариатам | |
| 607 |
_aРСФСР _jЛистовки _xПолитика и управление _y1917 - 1925 _92312782 _3RU\NLR\auth\6601609564 |
||
| 686 | 0 | _aТ3(2)71-313,011 | |
| 686 | 1 | _aЦ35(2)712,011 | |
| 702 | 1 |
_4720 _7ca _8rus _aЛешко _bМ. С. _cвоен., гос. и полит. деятель _f1880-1974 _gМихаил Степанович _9181617 _3RU\NLR\AUTH\770181668 |
|
| 702 | 1 |
_4720 _7ca _8rus _aЗавадский _bГ. А. _cучастник установления советской власти _cгуб. воен. комиссар _f1892-1938 _gГригорий Абрамович _9181628 _3RU\NLR\AUTH\770181679 |
|
| 702 | 1 |
_4720 _7ca _8rus _aСмирнов _cучастник установления советской власти, зав. делами воен. комиссариата, Владимирская губ. _9181637 _3RU\NLR\AUTH\770181688 |
|
| 702 | 1 |
_4720 _7ca _8rus _aЗавадский _bГ. А. _cучастник установления советской власти _cгуб. воен. комиссар _f1892-1938 _gГригорий Абрамович _9181628 _3RU\NLR\AUTH\770181679 |
|
| 710 | 0 | 2 |
_aВладимирский губернский комиссариат по военным делам _9572796 _3RU\NLR\AUTH\880454690 |
| 852 | 0 | 0 |
_aNLR _bФЛ _j20/22 |
| 942 | _cBOOK | ||
| 980 | _aNB | ||
| 981 | 2 | 1 |
_a(21) Листовки _b(21) Листовки 1918 года |
| 981 | 2 | 2 |
_a(22) Материалы по истории России _b(22) История России с 25 октября (7 ноября) 1917 года |